| 000 | 00513nam a2200217Ia 4500 | ||
|---|---|---|---|
| 008 | 170918s9999 xx 000 0 und d | ||
| 020 | _a9780516238401 | ||
| 050 | _bT473 2000 | ||
| 100 | _aThompson, Luke | ||
| 245 | _aTornadoes : | ||
| 245 | _bnatural disasters / | ||
| 245 | _cLuke Thompson. | ||
| 260 | _aNew York : | ||
| 260 | _bScholastic, | ||
| 260 | _c2000 | ||
| 300 | _a48 pages : | ||
| 300 | _bcolored illustration ; | ||
| 300 | _c22cm. | ||
| 440 | _aHigh interest books. | ||
| 500 | _a980 | ||
| 999 |
_c342202 _d342202 |
||